000 00582cam a22002291 4500
001 sa 64008743
003 DLC
005 20260227112056.0
008 890526s1963 xx 000 0 tamo
010 _asa 64008743
035 _a(OCoLC)23565779
040 _aDLC
_cMiU
_dDLC
042 _apremarc
043 _aa-ii---
050 0 0 _aQ141
_b.U3
100 1 _aUdayamurthy, M. S.,
_d1928-
245 1 0 _aTamil Nāṭṭu viññānikaḷ.
260 _c[1963]
300 _a86 p.
_bports.
_c18 cm.
500 _aRomanized.
650 0 _aScientists
_zIndia
_zTamil Nadu
_vBiography.
999 _c61008
_d61008